Etika v medzinárodnom marketingu diplomová práca

Salvato in:
Dettagli Bibliografici
Autore principale: Semančíková, Zuzana
Ente Autore: Obchodná fakulta EU. Katedra medzinárodného obchodu
Altri autori: Škorvagová, Simona
Natura: Libro
Lingua:slovacco
Pubblicazione: Bratislava 2011
Tags: Aggiungi Tag
Nessun Tag, puoi essere il primo ad aggiungerne!!

MARC

LEADER 00000nam a2200000 4500
001 0147975
005 20240318124715.0
041 0 |a slo 
044 |a SK 
245 1 0 |a Etika v medzinárodnom marketingu  |b diplomová práca  |c Zuzana Semančíková ; školiteľ: Simona Škorvagová 
264 1 |a Bratislava  |c 2011 
300 |a 70 s. 
100 1 |a Semančíková, Zuzana 
700 1 |a Škorvagová, Simona 
710 2 |a Obchodná fakulta EU. Katedra medzinárodného obchodu